000 00953nam a2200265Ia 4500
003 OSt
005 20220923230955.0
006 a|||||r|||| 00| 0
007 ta
008 220922b |||||||| |||| 00| 0 hin d
024 _a327,228
037 _cTextual
040 _aARTS
_cARTS
_bhin
041 _2hin
_ahin
082 _aV2:25xM69x, 162J6;Q2
100 _aगांधी, मो. क., ले.
_9169248
245 0 _aसत्य के प्रयोग अथवा आत्मकथा
246 _aSatya ke prayog athavā ātmakathā
260 _aअहमदाबाद
_b नवजीवन प्रकाशन मंदिर
_c2012
300 _a454पृ.
_ccm.
650 _a भारत-इतिहास
_9156353
650 _aमहात्मा गांधी
_9156350
942 _hV2:25xM69x, 162J6;Q2
_cTEXL
_2CC
999 _c388518
_d388518